Vivencias de un adulto mayor y su calidad de vida /

Se refiere el caso de dos adultos mayores de Guadalajara que, después de una vida laboral activa, trabajan como empacadores en tiendas de conveniencia porque su pensión no alcanza para cubrir sus gastos cotidianos mínimos. Se hizo un acercamiento en que describe y se da significado a sus experiencia...

Descripción completa

Guardado en:
Detalles Bibliográficos
Autor principal: Mandry Bonilla, Gustavo (autor)
Formato: Tesis Libro
Idioma:Español
Publicado: Guadalajara, México : edición de autor, 2018
Temas:
Acceso en línea:Ver documento en línea
Etiquetas: Agrega una etiqueta
Sin etiquetas, Sé el primero en etiquetar este registro!

MARC

LEADER 00000nam^a2200000^a^4500
001 000405792
005 20251023000000.0
009 20260310121841.005
037 |a Acervo ITESO - Biblioteca 
041 |a ESP 
090 |a MPS. 65 
100 |a Mandry Bonilla, Gustavo  |e (autor) 
245 1 0 |a Vivencias de un adulto mayor y su calidad de vida /  |c G. Mandry Bonilla. 
264 1 |a Guadalajara, México :  |b edición de autor,  |c 2018 
300 |a 1 tesis electrónica en línea (xx p.) 
300 |a 1 recurso en línea 
336 |a datos para computadora  |b cod  |2 rdacontenido 
337 |a computadora  |b c  |2 rdamedio 
338 |a recurso en línea  |b cr  |2 rdasoporte 
502 |a ITESO Tesis de Maestría en Psicoterapia 
520 |a Se refiere el caso de dos adultos mayores de Guadalajara que, después de una vida laboral activa, trabajan como empacadores en tiendas de conveniencia porque su pensión no alcanza para cubrir sus gastos cotidianos mínimos. Se hizo un acercamiento en que describe y se da significado a sus experiencias, así como el significado que ellos mismos dan a su labor actual en relación a su calidad de vida. 
649 |a XX 
650 |a Ancianos -  |x Condiciones Psicológicas -  |x Tema Principal 
650 |a Ancianos -  |x Condiciones Laborales 
650 |a Calidad de Vida -  |x Tema Principal 
650 |a Bienestar 
650 |a Envejecimiento (Ciclo Vital) 
650 |a Psicoterapia Existencial 
650 |a Psicología 
650 |a Gerontología 
856 4 0 |u https://rei.iteso.mx/handle/11117/5559  |y Ver documento en línea 
910 |a Fondo General 
920 |a Electrónicos - Tesis del ITESO en Línea 
930 |a Repositorio Institucional 
905 |a 201 
901 |a 405792-1  |b IT2  |c ETI  |u 20250521 
902 |a https://opac.biblio.iteso.mx/vufind/Record/000405792